| 000 | 01110pam a2200301 a 4500 | ||
|---|---|---|---|
| 999 |
_c478383 _d478383 |
||
| 001 | 4491764 | ||
| 003 | NUST | ||
| 005 | 20180525111634.0 | ||
| 008 | 971204s1999 nyua b 001 0 eng | ||
| 010 | _a 97046873 | ||
| 020 | _a978-81-265-1094-8 | ||
| 038 | _aSNS | ||
| 040 |
_aDLC _cDLC _dDLC |
||
| 050 | 0 | 0 |
_aQC631 _b.J3 1999 |
| 082 | 0 | 0 |
_a537.6 JAC _221 |
| 100 | 1 |
_aJackson, John David, _98813 |
|
| 245 | 1 | 0 |
_aClassical electrodynamics / _cJohn David Jackson. |
| 250 | _a3rd ed. | ||
| 260 |
_aNew York : _bWiley, _cc1999. |
||
| 300 |
_axxi, 808 p. : _bill. ; _c26 cm. |
||
| 504 | _aIncludes bibliographical references (p. 785-790) and index. | ||
| 650 | 0 |
_aElectrodynamics. _94606 |
|
| 856 | 4 | 2 |
_3Publisher description _uhttp://www.loc.gov/catdir/description/wiley033/97046873.html |
| 856 | 4 |
_3Table of Contents _uhttp://www.loc.gov/catdir/toc/onix04/97046873.html |
|
| 906 |
_a7 _bcbc _corignew _d1 _eocip _f19 _gy-gencatlg |
||
| 942 |
_2ddc _cBK |
||